000 00804nam a2200301 a 4500
003 AR-BaBNM
005 20251128205801.0
008 082120s2002 ||||||||||||||000 | spa||
020 _a950-9017-41-8
040 _cAR-BaBNM
100 1 _aTagore, Rabindranath
245 0 0 _aAcerca de la sabiduría
260 _aBuenos Aires
_bLumen
_c1989
300 _a45 p.
490 0 _aUn encuentro con Rabindranath Tagore
_vv. 1
650 4 _aANTOLOGIAS
650 4 _aFILOSOFIA LITERARIA
650 4 _aMISTICISMO
650 4 _aESPIRITUALISMO
650 4 _aFILOSOFOS
650 4 _aLITERATURA CONTEMPORANEA
653 _aLITERATURA HINDU
655 _aLITERATURA
700 1 _aCamprubí de Jiménez, Zenobia
_eeditor
700 1 _aJiménez, Juan Ramón
_eeditor
942 _cBK
998 _cMARTIN
999 _c12794
_d12794